Promotion of small farmer's cooperatives in Asia /

Bibliographic Details
Main Author: Lamming, G. N.
Corporate Author: Food and Agriculture Organization of the United Nations
Format: Book
Language:English
Published: Rome : Food and Agriculture Organization of the United Nations, 1980.
Series:FAO economic and social development paper ; 14.
Subjects:

MARC

Tag First Indicator Second Indicator Subfields
LEADER 00000cam a2200000 a 4500
001 in00000084132
005 20151008055659.0
008 811015s1980 it b i00010 eng d
020 |a 9251009600 
035 |a (OCoLC)07850942 
035 |9 AAJ4097AM 
040 |a UUM  |c UUM  |d TXA  |d UtOrBLW 
043 |a a------ 
049 |a TXAM  |c [1655193] 
090 |a HD1486.A78  |b L34 
100 1 |a Lamming, G. N. 
245 1 0 |a Promotion of small farmer's cooperatives in Asia /  |c by G.N. Lamming. 
264 1 |a Rome :  |b Food and Agriculture Organization of the United Nations,  |c 1980. 
300 |a 71 pages ;  |c 28 cm. 
336 |a text  |b txt  |2 rdacontent 
337 |a unmediated  |b n  |2 rdamedia 
338 |a volume  |b nc  |2 rdacarrier 
490 1 |a FAO economic and social development paper ;  |v 14 
504 |a Bibliography: pages 69-71. 
650 0 |a Agriculture, Cooperative  |z Asia. 
651 0 |a Developing countries  |x Agriculture. 
710 2 |a Food and Agriculture Organization of the United Nations. 
830 0 |a FAO economic and social development paper ;  |v 14. 
999 |a MARS 
999 f f |s 13fe8658-5557-3f74-a9ce-96e2c1dfd4d0  |i 2cc1777f-0925-30a6-8545-b70cd8f4c756  |t 0 
952 f f |p ric  |a Texas A&M University  |b Rellis Campus  |c Joint Library Facility  |d Remote Storage  |t 0  |e HD1486.A78 L34  |h Library of Congress classification  |i unmediated -- volume  |m A14806126259 
998 f f |a HD1486.A78 L34  |t 0  |l Remote Storage